00253nam a22000977a 4500008004100000082001600041100001700057245005500074260001700129300000900146230622b xxu||||| |||| 00| 0 eng d a329.95bGHO cSankar Ghose aIndian National CongressbIts History and Heritage bV.N Malhotra a390p